LDR 01448nam a2200289 i 4500 001 000000125037 003 CaOOAMICUS 005 20260317124637.0 008 150929s2004 be u000 u lat u 013 $a97735 020 $a2-503-65012-0 040 $aSeMil$bita 110 2 $aCentre traditio litterarum Occidentalium.$0(OLS)http://semarc/name/59 245 10$aFolchinus de Borfonibus : Cremonina /$ccurante CTLO, Centre traditio litterarum occidentalium. 260 $aTurnhout :$bBrepols,$c2004. 300 $a78 p. ;$c25 cm +$e6 microfiches 490 0 $aCorpus Christianorum. Instrumenta lexicologica latina. Ser. A, Formae ;$v153 700 1 $aBorfoni, Folchino,$d
.$0(OLS)http://semarc/name/5235 776 0 $aBorfoni, Folchino
$t1: Folchini de Borfonibus Cremonina.$dTurnhout : Brepols, 2003.$kCorpus Christianorum. Continuatio Mediaevalis$z2-503-05019-0$w()122008 830 0$aCorpus Christianorum. Instrumenta lexicologica latina. Ser. A, Formae ;$v153.$0(OLS)http://semarc/title/82 850 $aSeMil 852 $aSeMil$W1$xVenegono$y1$mSL2.G CC.CM.ILL 153$j255713$B79536$CSeMilBibl$Z2$F81715 $8I 961 $aSottoscrizione: Brepols 996 $6020$a2-503-65012-0$9(OLS)http://semarc/number/110901 996 $6245$aFolchinus de Borfonibus : Cremonina$9(OLS)http://semarc/title/184108 996 $6260$aTurnhout :$bBrepols$9(OLS)http://semarc/publisher/29626